LEADER 01275nam 22004213 450 001 9910590091903321 005 20221006223808.0 010 $a1-119-80621-6 010 $a1-119-80620-8 035 $a(MiAaPQ)EBC7072687 035 $a(Au-PeEL)EBL7072687 035 $a(CKB)24368339100041 035 $a(EXLCZ)9924368339100041 100 $a20220814d2022 uy 0 101 0 $aeng 135 $aurcnu|||||||| 181 $ctxt$2rdacontent 182 $cc$2rdamedia 183 $acr$2rdacarrier 200 10$aAdvanced Concrete Technology 205 $a2nd ed. 210 1$aNewark :$cJohn Wiley & Sons, Incorporated,$d2022. 210 4$dİ2023. 215 $a1 online resource (626 pages) 311 08$aPrint version: Zhou, Xiangming Advanced Concrete Technology Newark : John Wiley & Sons, Incorporated,c2022 9781119806257 608 $aElectronic books. 676 $a620.136 700 $aZhou$b Xiangming$c(Professor in civil engineering)$01259392 701 $aLi$b Zongjin$0888579 701 $aMa$b Hongyan$01254698 701 $aHou$b Dongshuai$0990598 801 0$bMiAaPQ 801 1$bMiAaPQ 801 2$bMiAaPQ 906 $aBOOK 912 $a9910590091903321 996 $aAdvanced Concrete Technology$92918219 997 $aUNINA